Taylor Swift mystery lyrics #51 - Statistics

General Stats
  • This quiz has been taken 75 times
  • The average score is 170 of 239
Answer Stats
Answer % Correct
I
100%
you
98%
You
98%
a
96%
A
96%
the
95%
be
93%
it
93%
that
91%
when
91%
And
89%
and
89%
in
89%
me
89%
on
87%
your
87%
can
85%
they
85%
They
85%
don't
84%
Don't
84%
this
84%
you're
84%
It's
82%
know
82%
Like
82%
no
82%
see
82%
What
82%
what
82%
with
80%
are
78%
by
78%
can't
78%
for
78%
time
78%
at
76%
but
75%
would
75%
so
73%
just
71%
made
69%
You'll
69%
down
65%
from
65%
him
65%
leave
65%
Leave
65%
Tell
65%
that's
65%
their
65%
times
65%
affairs
64%
anyone
64%
baby
64%
call
64%
eyes
64%
Look
64%
out
64%
show
64%
colors
62%
else
62%
illicit
62%
mess
62%
million
62%
thing
62%
wanna
62%
well
62%
about
60%
always
60%
even
60%
friends
60%
head
60%
little
60%
Make
60%
one
60%
only
60%
secret
60%
showed
60%
damn
58%
keep
58%
kid
58%
myself
58%
ruin
58%
run
58%
speak
58%
taught
58%
first
56%
fool
56%
language
56%
lie
56%
scream
56%
flushed
55%
idiotic
55%
meetings
55%
over
55%
single
55%
stares
55%
dies
53%
ends
53%
godforsaken
53%
less
53%
return
53%
sees
53%
Take
53%
beautiful
51%
few
51%
hundred
51%
lots
51%
parking
51%
road
51%
rooms
51%
shelf
51%
started
51%
stop
51%
sure
51%
yourself
51%
behind
49%
exist
49%
longing
49%
nobody
49%
stolen
49%
trace
49%
words
49%
worked
49%
clandestine
47%
drug
47%
Hood
47%
traveled
47%
born
45%
glance
45%
high
45%
picked
45%
truth
45%
mercurial
44%
perfume
42%
dwindling
40%
No matching quizzes found
Score Distribution
Percent of People with Each Score
Percentile by Number Answered
Your Score History
You have not taken this quiz